000 00472nam a2200181Ia 4500
005 20240208123539.0
008 131103s9999 xx 000 0 und d
040 _aLoreto College
041 _aEnglish
082 _a891.73
_bTUR
100 _aTurgenev,Ivan
245 _aFathers and sons
_cIvan Turgenev
260 _aNew York
_bWashington Square Press
_c1962 (1970 printing)
300 _axxi,217 p.
650 _aRussian Fictions
850 _aLCLIB
942 _cBK
999 _c13636
_d64115